Sports Quiz

Random Sports or Olympics Quiz

True or False: Summer Olympics Quiz Stats

Quiz Updated Nov 17, 2016

Challenge
Share
Tweet
Embed
Score 0/24 Timer 04:00
4 Plays Today
Hint (T)rue or (F)alse % Correct
One of the Olympic rings is blue???
78.6%
The Federated States of Micronesia has competed at the Olympics???
74%
The Summer Olympics have been hosted in the United States more often than in Asia???
71.8%
Fencing has appeared at every Summer Olympic Games???
71.8%
Olympic gold medals at the 2016 Olympics were made of pure gold???
69.6%
The host nation marches first in the opening ceremony???
69.2%
Women competed at the 1896 Olympics???
66.8%
India has never won an Olympic gold medal???
65.1%
'World's Fastest Man' and nine-time gold medalist Usain Bolt has run a mile in under 4 minutes???
63.7%
Libya has never won an Olympic medal???
63.1%
Finland has won more Olympic medals than Greece???
61.8%
The oldest Olympic medalist was over 70 years old???
60.9%
Hint (T)rue or (F)alse % Correct
No athlete has won 10 or more career medals in Athletics???
60.5%
There has been an Olympic Games hosted in Africa???
60.4%
In the 2016 Olympics, women competed in all the same Athletics events as men???
59.3%
There has been a 100m sprint event at every Olympics???
58.3%
The Olympics have taken place in Belgium???
58.1%
Michael Phelps has more Olympic gold medals than Jamaica???
55.6%
France has won an Olympic medal in Cricket???
45.2%
Athletes competed in Golf for the first time ever in the 2016 Olympics???
44.2%
There are more Swimming events than Athletics events at the Olympics???
41.5%
Israel's only Olympic gold medal to date is in Shooting???
40.7%
Netball has been an Olympic sport???
40.3%
Water Motorsports is an ex-Olympic sport???
34.6%

You're not logged in!

Compare scores with friends on all Sporcle quizzes.
Sign Up with Email
OR
Log In

You Might Also Like...

Show Comments

Extras

Top Quizzes Today


Score Distribution

Your Account Isn't Verified!

In order to create a playlist on Sporcle, you need to verify the email address you used during registration. Go to your Sporcle Settings to finish the process.